| 000 | 00355nam a22001457a 4500 | ||
|---|---|---|---|
| 003 | OSt | ||
| 005 | 20211231135951.0 | ||
| 008 | 211231b |||||||| |||| 00| 0 eng d | ||
| 020 | _a9781844807536 | ||
| 040 | _cHU | ||
| 082 | _a006.76 | ||
| 100 |
_aStobart _926622 |
||
| 245 | _aDynamic Web Application Development Usin Php & Mysql | ||
| 942 |
_2ddc _cBOOKS _n0 |
||
| 999 |
_c25555 _d25555 |
||